000 00531nam a22001937a 4500
003 OSt
005 20160608125749.0
008 160608b xxu||||| |||| 00| 0 eng d
020 _a9780853697855
040 _cDLMN.
082 _aQV701S171 2009.
100 _aSafdar,Aamer;Ip,Shirley;
_99276
245 _aHospital Pre-Registration Pharmacist Training.
260 _aLondon.
_bPharmaceutical Press.
_c2009.
300 _axvi,181p;
_bill;
_c22cm.
504 _aIncludes Index.
650 _aPharmacology
_9357
942 _2z
_cO_SHELF
999 _c4297
_d4297